| 000 | 02250nam a2200481 a 4500 | ||
|---|---|---|---|
| 999 |
_c137190 _d137190 |
||
| 003 | BLK | ||
| 005 | 20240613095236.0 | ||
| 008 | 180409b bul|||||r ||||||| ||bul|| | ||
| 010 | _aKNG00143156000 | ||
| 040 | _aBLK | ||
| 041 |
_aBUL _cBUL |
||
| 072 | 7 |
_2bullib _aЦ _xРедки и ценни |
|
| 080 |
_aЕтика. Учение за морала. Практическа философия. Вж и 37.034 ; 24 _b17 _x(075)(092) _z17(075)(092) |
||
| 080 |
_aБиографии _b929 _z929 |
||
| 100 | 1 |
_aЖане, Пол _eпърви автор _967834 |
|
| 139 |
_aЖане, Пол _bЖ 21 |
||
| 245 | 1 | 0 |
_aУчебник по етика _cПол Жане; прев. от фр. Иван Андреев Георгов. |
| 257 | _aFRA | ||
| 260 |
_bХристо Г. Данов _c1898 _fПловдив : печ. Хр. Г. Данов _aПловдив |
||
| 300 |
_a8, 217 с. _c22 см |
||
| 380 | _a1 | ||
| 490 |
_9435080 _aКолекция Редки и ценни издания |
||
| 500 | _aНа заг. с. авт. е означен Павел Жане. - Пълното име на прев. Иван А. Георгов. - Съдържа и Притурка с Кратък обзор на главните етически възгледи в историята на философията ; Етика утилитарна и етика идеалистична ; Всеобщност на морала ; Въпрос за свободата на волята. | ||
| 650 | 4 |
_aЕтика - учебници _9281885 |
|
| 650 | 4 |
_aЕтика - история _9310567 |
|
| 650 | 4 |
_aФилософи - биографии _9271250 |
|
| 653 | _aетика | ||
| 653 | _aморал | ||
| 653 | _aдълг | ||
| 653 | _aсъвест | ||
| 653 | _aдобродетели | ||
| 653 | _aхарактер | ||
| 653 | _aволя | ||
| 659 | _aЦ | ||
| 700 | 1 |
_aГеоргов, Иван Андреев _d1862 - 1936 _gФилософ, педагог. Академик. _953367 |
|
| 852 |
_aРб 898 _bРц |
||
| 856 | 4 | _qpdf | |
| 856 | 4 | _qpdf | |
| 942 |
_cKNG _n0 _s1 |
||
| 944 |
_aCR _c28.05.2013 _lГеновева Генчева _k30560 |
||
| 944 |
_aED _c28.05.2013 _l28.05.2013 - от С1,Р / 28.05.2013 |
||
| 999 | _d137190 | ||